000 01445cam a22004214a 4500
001 muse55755
003 MdBmJHUP
005 20210127151123.0
006 m o d
007 cr||||||||nn|n
008 000426s2000 nyu o 00 0 eng d
010 _z 00009282
020 _a9781501706981
020 _z0801437695 (alk. paper)
020 _z9781501707209
035 _a(OCoLC)606450650
040 _aMdBmJHUP
_cMdBmJHUP
043 _ae-ur---
050 0 4 _aPN3169.S65
_bM27 2000
082 0 _a792/.0222/094709041
_221
100 1 _aMally, Lynn.
245 1 0 _aRevolutionary Acts
_bAmateur Theater and the Soviet State, 1917-1938 /
_cLynn Mally.
264 1 _bCornell University Press,
264 3 _bProject MUSE,
300 _a1 online resource (x, 250 p.) :
_bill. ;
504 _aIncludes bibliographical references (p. [225]-241) and index.
506 0 _aOpen Access
_fUnrestricted online access
_2star
588 _aDescription based on print version record.
650 0 _aAmateur theater
_zSoviet Union
_xHistory.
655 7 _aElectronic books.
_2local
710 2 _aProject Muse.
_edistributor
830 0 _aBook collections on Project MUSE.
856 4 0 _zFull text available:
_uhttps://muse.jhu.edu/book/47560/
999 _c24673
_d24673